[Event "AUTO-OPEN-4654"]
[Site "http://www.queenalice.com/game.php?id=1874053"]
[Date "2026.5.29"]
[Round "1"]
[White "josebaron"]
[Black "Gianni9851"]
[Result "0-1"]
[WhiteElo "2207"]
[BlackElo "1767"]

1. e4 g6 2. d4 d6 3. Nf3 Bg7 4. Bc4 e6 5. O-O Ne7 6. Re1 Nd7 7. Nc3 O-O 8. a4 b6
9. Bg5 h6 10. Bxe7 Qxe7 11. a5 bxa5 12. Rxa5 Bb7 13. h3 c5 14. d5 Nb6 15. Nd2
Bd4 16. Ne2 Bxb2 17. c3 exd5 18. exd5 Bxd5 19. Nf4 Qd8 20. Nxd5 Nxd5 21. Bxd5
Qxa5 22. Bxa8 Rxa8 23. Qf3 d5 24. Re7 Rf8 25. Qxd5 Bxc3 26. Ne4 Qa1+ 27. Kh2 Bd4
28. g3 Qf1 29. Qa2 a5 30. h4 a4 0-1

[Event "AUTO-OPEN-4654"]
[Site "http://www.queenalice.com/game.php?id=1874054"]
[Date "2026.5.29"]
[Round "1"]
[White "Gianni9851"]
[Black "josebaron"]
[Result "1-0"]
[WhiteElo "1605"]
[BlackElo "2207"]

1. e4 e5 2. Bc4 Nf6 3. Nf3 d5 4. exd5 Bd6 5. d3 O-O 6. O-O c5 7. Nc3 a6 8. Ne4
Nxe4 9. dxe4 f5 10. exf5 Bxf5 11. Ng5 h6 12. Ne6 Bxe6 13. dxe6 Kh8 14. Qd5 Nc6
15. c3 Qe7 16. Be3 Rf6 17. a4 Raf8 18. Rad1 Rd8 19. Qe4 Bc7 20. Rxd8+ Bxd8 21.
Rd1 Qe8 22. Rd7 Rxe6 23. Bxe6 Qxe6 24. Rxb7 c4 25. h3 Kg8 26. Qg4 Qxg4 27. hxg4
a5 28. Bb6 Bxb6 29. Rxb6 1-0

[Event "AUTO-OPEN-4654"]
[Site "http://www.queenalice.com/game.php?id=1874055"]
[Date "2026.5.29"]
[Round "1"]
[White "josebaron"]
[Black "TammieM3ENF"]
[Result "1-0"]
[WhiteElo "2207"]
[BlackElo "1303"]

1. e4 Nf6 2. Nc3 Nc6 3. Nf3 e6 4. Bb5 Bb4 5. Bxc6 dxc6 6. d3 g6 7. Bg5 Rg8 8. e5
Nd7 9. Bxd8 Kxd8 10. d4 f6 11. exf6 Nxf6 12. O-O h5 13. Ng5 Bd7 14. Nf7+ Ke7 15.
Ne5 g5 16. a3 Bd6 17. Nxd7 Kxd7 18. Qf3 g4 19. Qxf6 Rgf8 20. Qg7+ Be7 21. Rae1
Rae8 22. Ne4 c5 23. Nxc5+ Kc6 24. Rxe6+ Kb5 25. Rxe7 b6 26. Rxe8 Rxe8 27. Qxc7
bxc5 28. Qxc5+ Ka6 29. Qc6+ Ka5 30. b4# 1-0

[Event "AUTO-OPEN-4654"]
[Site "http://www.queenalice.com/game.php?id=1874056"]
[Date "2026.5.29"]
[Round "1"]
[White "TammieM3ENF"]
[Black "josebaron"]
[Result "0-1"]
[WhiteElo "1307"]
[BlackElo "2206"]

1. c4 e5 2. Nc3 Nf6 3. d3 Bc5 4. d4 exd4 5. Nd5 Nxd5 6. cxd5 b6 7. d6 cxd6 8. b4
Bxb4+ 9. Bd2 Bxd2+ 10. Qxd2 Nc6 11. a4 Qf6 12. a5 Nxa5 13. Nf3 Nb3 14. Qd1 Nxa1
15. Qxa1 Bb7 16. e3 Bxf3 17. gxf3 Qxf3 18. Rg1 dxe3 19. Qa2 Rc8 20. Rg3 Rc1# 0-1